ARRUPE JESUIT UNIVERSITY

CORONAVIRUS -STOP THE SPREAD - CLEAN,DISINFECT,COVER

Daughter to Napoleon; (Record no. 130307)

MARC details
000 -LEADER
fixed length control field 00833cam a22002411 4500
001 - CONTROL NUMBER
control field 9369192
003 - CONTROL NUMBER IDENTIFIER
control field ARRUPE
005 - DATE AND TIME OF LATEST TRANSACTION
control field 20200206091004.0
008 - FIXED-LENGTH DATA ELEMENTS--GENERAL INFORMATION
fixed length control field 731024s1961 nyua 000 0beng
010 ## - LIBRARY OF CONGRESS CONTROL NUMBER
LC control number 61014680
035 ## - SYSTEM CONTROL NUMBER
System control number (OCoLC)727098
040 ## - CATALOGING SOURCE
Original cataloging agency DLC
Transcribing agency OKentU
Modifying agency OCoLC
-- OrOnT
-- DLC
050 00 - LIBRARY OF CONGRESS CALL NUMBER
Classification number DC216.4
Item number .W95
300 ## - PHYSICAL DESCRIPTION
Other physical details illus.
Dimensions 22 cm.
100 1# - MAIN ENTRY--PERSONAL NAME
Personal name Wright, Constance.
9 (RLIN) 49381
245 10 - TITLE STATEMENT
Title Daughter to Napoleon;
Remainder of title a biography of Hortense, Queen of Holland.
Statement of responsibility, etc Constance Wright
250 ## - EDITION STATEMENT
Edition statement [1st ed.]
260 ## - PUBLICATION, DISTRIBUTION, ETC. (IMPRINT)
Place of publication, distribution, etc London,
Name of publisher, distributor, etc Alvin Redman
Date of publication, distribution, etc [1961]
300 ## - PHYSICAL DESCRIPTION
Extent 436 p.
600 00 - SUBJECT ADDED ENTRY--PERSONAL NAME
Personal name Hortense,
Titles and other words associated with a name Queen, consort of Louis Bonaparte, King of Holland,
Dates associated with a name 1783-1837.
9 (RLIN) 49382
600 00 - SUBJECT ADDED ENTRY--PERSONAL NAME
Personal name Napoleon
Numeration I,
Titles and other words associated with a name Emperor of the French,
Dates associated with a name 1769-1821
General subdivision Family.
9 (RLIN) 49155
906 ## - LOCAL DATA ELEMENT F, LDF (RLIN)
a 7
b cbc
c oclcrpl
d u
e ncip
f 19
g y-gencatlg
942 ## - ADDED ENTRY ELEMENTS (KOHA)
Source of classification or shelving scheme Library of Congress Classification
Koha item type Monograph ( Printed materials)
Holdings
Withdrawn status Lost status Source of classification or shelving scheme Damaged status Not for loan Collection code Home library Current library Shelving location Date acquired Total Checkouts Full call number Barcode Date last seen Price effective from Koha item type
    Library of Congress Classification     Main Collection ARRUPE LIBRARY ARRUPE LIBRARY Main Collection 06/02/2020   DC216.4 .W95 46600006513 06/02/2020 06/02/2020 Monograph ( Printed materials)

 

Arrupe Library. PO Box MP320 Mt Pleasant, Harare, Zimbabwe
263 242 745411|librarian@aju.ac.zw